Jak vytvořit úspěšný a výdělečný internetový obchod /
Česká republika je e-shopová velmoc. Máme nejvíce internetových obchodů na jednoho obyvatele v Evropě. A přesto drtivá většina z nich pouze přežívá. Proč? Majitelé často nemají ponětí, na čem stavět provoz ani propagaci. Komplexní zkušenosti od z...
Uloženo v:
| Hlavní autor: | |
|---|---|
| Médium: | E-kniha |
| Jazyk: | Czech |
| Vydáno: |
Praha :
Albatros Media a.s.,
2015
|
| Tagy: |
Žádné tagy |
| LEADER | 03357nam a22002297i 4500 | ||
|---|---|---|---|
| 001 | 310867 | ||
| 007 | ta | ||
| 008 | 260601s2015 xr ||||| |||| 00| 0 cze d | ||
| 020 | |a 9788025143902 | ||
| 044 | |a xr | ||
| 100 | 1 | |a Mikulášková, Petra |4 aut | |
| 245 | 1 | 0 | |a Jak vytvořit úspěšný a výdělečný internetový obchod / |c Mikulášková, Petra |
| 264 | 1 | |a Praha : |b Albatros Media a.s., |c 2015 | |
| 300 | |a 1 online zdroj (408 stran) | ||
| 336 | |a text |b txt |2 rdacontent | ||
| 337 | |a bez média |b n |2 rdamedia | ||
| 338 | |a online zdroj |b cr |2 rdacarrier | ||
| 520 | 2 | |a Česká republika je e-shopová velmoc. Máme nejvíce internetových obchodů na jednoho obyvatele v Evropě. A přesto drtivá většina z nich pouze přežívá. Proč? Majitelé často nemají ponětí, na čem stavět provoz ani propagaci. Komplexní zkušenosti od znalých obchodníků – autorů této publikace – vám odhalí principy provozu internetového obchodu tak, aby se váš e-shop nestal dalším v řadě, co jen přežívá.V tomto skutečně podrobném a především praktickém průvodci se dozvíte, jaké možnosti můžete pro svůj budoucí e-shop použít, porozumíte slovníku marketingových agentur, poznáte, jak mohou zákazníci za své zboží platit či co obnáší provoz kamenné prodejny. Autoři nezapomněli ani na právní stránku podnikání, povinnosti v případě reklamačního řízení či obchodní podmínky. V závěru knihy pak najdete užitečné odkazy na další zdroje informací a slovníček nejdůležitějších pojmů.Co v této publikaci určitě nepřehlédnete?- Popis technických řešení, na kterých fungují dnešní e-shopy- Jak stanovit ceny pro zboží, které chcete prodávat na e-shopu- Způsoby, jak dnes můžete váš e-shop propagovat- Úskalí pracovního dne, který vás čeká, když provozujete e-shop- Na co si dát pozor, když u vás zákazník reklamuje zboží- Jak vést podnikatelskou činnost tak, aby byla papírově v pořádkuO autorech:Petra Mikulášková provozuje vlastní e-shop Palelo.cz a zajišťuje marketingovou i administrační podporu pro jiné e-shopy. Zabývá se zejména prací se srovnávači zboží. O její činnosti se dozvíte na www.petramikulaskova.cz. E-shopům rozumí komplexně, proto vždy dokáže najít doporučení či tip, na koho se s problémem případně obrátit. Je autorkou 99 tipů pro e-shopy (www.99tipu.cz) a komplexního Eshopkurzu pro provozovatele e-shopů (www.Eshopkurz.cz). Miroslav Sedlák se zabývá tvorbou webových stránek na míru, podílel se na tvorbě mnoha e-shopů a pro spoustu z nich zajišťuje technické zázemí. O jeho činnosti se dozvíte na www.mireksedlak.cz. Pro všechny projekty Petry Mikuláškové zajišťuje technické zázemí. | |
| 910 | |a RBIT002 | ||
| 998 | |d 177561 |a https://core.palmknihy.cz/api/books/177561/cover?p4g7ey |b https://core.palmknihy.cz/api/books/177561/cover/400?p4g7ey |c https://core.palmknihy.cz/api/books/177561/cover/50?p4g7ey |e 3999-12-31 |g 408 |i 9788025143902 |k https://core.palmknihy.cz/api/books/177561/preview.pdf |l |q 49 |r 1 |s https://www.palmknihy.cz/kniha/177561 |t ebook |y 2015 |z 1 | ||
| 999 | |d 310865 | ||